| 000 | 00573nam a2200205 i 4500 | ||
|---|---|---|---|
| 001 | 31727 | ||
| 003 | ES-MaACL | ||
| 007 | t| | ||
| 008 | 030130s1954 sp ||||1| spa d | ||
| 100 | 1 |
_aBaum, Vicki. _926577 |
|
| 245 | 1 | 0 |
_aSentencia secreta / _cVicki Baum ; [traducción del alemán por Hebe Clementi]. |
| 250 | _a[1ª ed.]. | ||
| 260 |
_aBarcelona : _bPlaneta, _c[1954] ( _fHorta) |
||
| 300 |
_a278 p. ; _c20 cm. |
||
| 490 | 1 | _aLuyve | |
| 700 | 1 |
_aClementi, Hebe. _939212 |
|
| 830 | 0 |
_aLuyve _9181395 |
|
| 852 |
_aES-MaACL _jC-9720 _bR.36445 |
||
| 999 |
_c31727 _d31727 |
||